000 00426nam a2200169Ia 4500
005 20250423101341.0
008 250422s9999 xx 000 0 und d
020 _a978-0-13-603604-3
100 _aHaugen, Robert A.
245 4 _aThe new finance : overreaction, complexity and their consequences
250 _a4th ed.
260 _aBoston
260 _bPrentice Hall
260 _c2010
300 _a141 p
942 _cBK
999 _c36049
_d36049